header

Toward a Marxist anthropology (Record no. 208361)

MARC details
000 -LEADER
fixed length control field 01721nam a2200361 a 4500
082 04 - DEWEY DECIMAL CLASSIFICATION NUMBER
Classification number 301.2
245 00 - TITLE STATEMENT
Title Toward a Marxist anthropology
260 ## - PUBLICATION, DISTRIBUTION, ETC. (IMPRINT)
Place of publication The Hague ;
-- New York :
Name of publisher Mouton,
Year of publication 1979.
300 ## - PHYSICAL DESCRIPTION
Number of Pages xi, 492 p. :
Other physical details ill.
500 ## - GENERAL NOTE
General note Papers prepared for the 9th International Congress of Anthropological and Ethnological Sciences.
505 0# - FORMATTED CONTENTS NOTE
Formatted contents note pt. 1. An existential opening -- pt. 2. The structuralist constraint -- pt. 3. Primitive communism as theory and critique -- pt. 4. African perspectives -- pt. 5. Ideological reflections -- pt. 6. Some academic and bourgeois illusions.
650 #0 - SUBJECT ADDED ENTRY--TOPICAL TERM
Topical Term Marxist anthropology.
700 1# - ADDED ENTRY--PERSONAL NAME
Personal name Diamond, Stanley,
856 40 - ELECTRONIC LOCATION AND ACCESS
Uniform Resource Identifier http://site.ebrary.com/lib/rucke/Doc?id=10588573

No items available.

© 2026 Rongo University
Contact us: librarian | system librarian | Rongo university